000 00587nam a2200217Ia 4500
005 20250425162743.0
008 250425s9999 xx 000 0 und d
041 _aeng
043 _axxu
082 _a562
110 _aGEOLOGICAL SOCIETY OF AMERICA
245 0 _aTREATISE ON INVERTEBRATE PALEONTOLOGY: PROTISTA 2 SARCODINA (VOLUME 1, PART C)
250 _aS.E.
260 _aEstados Unidos
_bGEOLOGICAL SOCIETY OF AMERICA
_c1964
260 _aKANSAS CITY
300 _a510
650 _aINVERTEBRADOS FOSILES
650 _aPALEONTOLOGIA
942 _c01
010 _a105708
999 _c235758
_d235758